000 00746nam a2200193 i 4500
001 38273
003 ES-MaACL
005 20230906155729.0
007 t|
008 030225s1987 it ||||1| ita d
245 0 0 _aCalendario Atlante De Agostini /
_caggiornamenti geográfico-economici a cura di Achille Soldani ; cronologia e ordinamenti politici a cura di Franco Casabianca ; cartografia a cura di Giuseppe Motta.
260 _aNovara :
_bIstituto Geografico De Agostini,
_c1987.
300 _a784 p. :
_b48 map. ;
_c16 cm.
700 1 _aAldani, Achille.
_919609
700 1 _aCasabianca, Franco.
_935987
700 1 _aMota, Giuseppe.
_983818
710 2 _aIstituto geografico De Agostini.
_9173295
852 _aES-MaACL
_jL-11491
_bR.113336
999 _c38273
_d38273